The tale of Peter Rabbit / (Record no. 4036)

MARC details
000 -LEADER
fixed length control field 00861nam a2200265 a 4500
005 - DATE AND TIME OF LATEST TRANSACTION
control field 20240603090634.0
020 ## - INTERNATIONAL STANDARD BOOK NUMBER
International Standard Book Number 0723205922
040 ## - CATALOGING SOURCE
Original cataloging agency DLC
Transcribing agency DLC
Modifying agency DLC
Language of cataloging eng
050 00 - LIBRARY OF CONGRESS CALL NUMBER
Classification number PZ7.P85
Item number 1987
082 00 - DEWEY DECIMAL CLASSIFICATION NUMBER
Classification number 823.912
100 1# - MAIN ENTRY--PERSONAL NAME
Personal name Potter, Beatrix
Dates associated with a name 1866-1943
245 14 - TITLE STATEMENT
Title The tale of Peter Rabbit /
Statement of responsibility, etc. by Beatrix Potter
250 ## - EDITION STATEMENT
Edition statement The original and Authorized Edition
260 ## - PUBLICATION, DISTRIBUTION, ETC.
Place of publication, distribution, etc. Harmondsworth, Middlesex, England ;
-- New York : U.S.A. :
Name of publisher, distributor, etc. F. Warne,
Date of publication, distribution, etc. 1987
300 ## - PHYSICAL DESCRIPTION
Extent 58 pages :
Other physical details color illustrations ;
Dimensions 15 cm.
490 ## - SERIES STATEMENT
Series statement Peter Rabbit
505 ## - FORMATTED CONTENTS NOTE
Formatted contents note O <br/>
520 ## - SUMMARY, ETC.
Summary, etc. Peter disobeys his mother by going into Mr. McGregor's garden and almost gets caught.
521 ## - TARGET AUDIENCE NOTE
Target audience note 610 <br/>
Source Lexile <br/>
521 ## - TARGET AUDIENCE NOTE
Target audience note O <br/>
Source Raz-Plus <br/>
650 #1 - SUBJECT ADDED ENTRY--TOPICAL TERM
Topical term or geographic name entry element Rabbits
General subdivision Fiction
906 ## - LOCAL DATA ELEMENT F, LDF (RLIN)
a 7
b cbc
c orignew
d 3
e ncip
f 19
g y-gencatlg
942 ## - ADDED ENTRY ELEMENTS (KOHA)
Source of classification or shelving scheme Dewey Decimal Classification
Koha item type Books
Suppress in OPAC No
999 ## -
-- 4036
-- 4036
Holdings
Withdrawn status Lost status Source of classification or shelving scheme Damaged status Not for loan Collection Home library Current library Shelving location Date acquired Total Checkouts Full call number Barcode Date last seen Date last checked out Price effective from Koha item type
    Dewey Decimal Classification     Juvenile Fiction Footprints International School Library Network Toul Kork Campus Footprints International School Library Network Toul Kork Campus   06/03/2024 2 POT 823.912 PZ7.P85 FISBK07098 09/08/2025 09/08/2025 06/03/2024 Books